000 00803nam a2200253 a 4500
999 _c829
_d829
001 19307
003 BD-DhUAP
005 20200128123531.0
008 200128r20102005ncua b 101 0 eng d
020 _a8178242036
040 _aDLC
_cBD-DhUAP
_dBD-DhUAP
_dBD-DhAAL
_bEng
082 0 0 _a325.3 POS
_223
245 0 0 _aPostcolonial studies and beyond /
_cedited by Ania Loomba ... [et al.].
260 _aNew Delhi :
_bPermanent Black :
_cc2005 [Reprinted 2010].
300 _ax, 499 pages :
_billustrations ;
_c25 cm.
504 _aIncludes bibliographical references and index.
650 0 _aPostcolonialism
_vCongresses.
650 0 _aGlobalization.
650 0 _aLiberalism.
650 0 _aNation-state.
700 _aLoomba, Ania.
942 _2ddc
_cBK